Focus Leeds offices (Record no. 77995)

MARC details
000 -LEADER
fixed length control field 00700cab a2200205 4500
001 - CONTROL NUMBER
control field L135791
008 - FIXED-LENGTH DATA ELEMENTS--GENERAL INFORMATION
fixed length control field 061212n2006 000 0 eng u
035 ## - SYSTEM CONTROL NUMBER
System control number (Sirsi) u135791
041 0# - LANGUAGE CODE
Language code of text/sound track or separate title eng
100 1# - MAIN ENTRY--PERSONAL NAME
Personal name Cunningham, Daniel
245 00 - TITLE STATEMENT
Title Focus Leeds offices
260 ## - PUBLICATION, DISTRIBUTION, ETC.
Date of publication, distribution, etc. 2006
490 #0 - SERIES STATEMENT
Series statement Estates Gazette
Volume/sequential designation (0648) 02 December 2006, 99-107 (6)
520 ## - SUMMARY, ETC.
Summary, etc. Reports on the Wellington Place office development and investigates the low take-up of out of town office space which agents are blaming on call centre operators.
651 ## - SUBJECT ADDED ENTRY--GEOGRAPHIC NAME
Geographic name YORKSHIRE
651 ## - SUBJECT ADDED ENTRY--GEOGRAPHIC NAME
Geographic name LEEDS
690 ## - LOCAL SUBJECT ADDED ENTRY--TOPICAL TERM (OCLC, RLIN)
Topical term or geographic name as entry element PROPERTY-COMMERCIAL PROPERTY-OFFICE PROPERTY-OFFICE PROPERTY MARKET
700 1# - ADDED ENTRY--PERSONAL NAME
Personal name Graham, James
942 ## - ADDED ENTRY ELEMENTS (KOHA)
Suppress in OPAC 0
Holdings
Withdrawn status Lost status Source of classification or shelving scheme Damaged status Not for loan Home library Current library Shelving location Date acquired Total Checkouts Full call number Barcode Date last seen Copy number Price effective from Koha item type
    Dewey Decimal Classification     London London Journal article 12/12/2006   L135791 135791-1001 06/08/2019 1 06/08/2019 Journal article